Мои королевы: Раневская, Зелёная, Пельтцер (Запись № 11371146)

Подробности
000 -МАРКЕР
контрольное поле 02024nam0a2200457 i 4500
001 - ИДЕНТИФИКАТОР ЗАПИСИ
контрольное поле RU\NLR\BIBL_A\011091672
005 - ИДЕНТИФИКАТОР ВЕРСИИ
контрольное поле 20260406154410.0
010 ## - МЕЖДУНАРОДНЫЙ СТАНДАРТНЫЙ НОМЕР КНИГИ (ISBN)
Номер (ISBN) 9785906842206
Тираж 1500
021 ## - НОМЕР ГОСУДАРСТВЕННОЙ РЕГИСТРАЦИИ
Код страны Российская Федерация
Номер 2016-19977
Номер Листа государственной регистраци 1270
035 ## - ДРУГИЕ СИСТЕМНЫЕ НОМЕРА
Идентификатор записи (NILC)RuMoRGB-008243001
035 ## - ДРУГИЕ СИСТЕМНЫЕ НОМЕРА
Идентификатор записи (NLR Aleph) 011091672
100 ## - ДАННЫЕ ОБЩЕЙ ОБРАБОТКИ
Данные общей обработки 20160331d2016 km y0rusy50 ca
101 0# - ЯЗЫК РЕСУРСА
Язык текста, звукозаписи и т.д. русский
102 ## - СТРАНА ПУБЛИКАЦИИ ИЛИ ПРОИЗВОДСТВА
Страна публикации Российская Федерация
105 ## - ПОЛЕ КОДИРОВАННЫХ ДАННЫХ: ТЕКСТОВЫЕ МАТЕРИАЛЫ, МОНОГРАФИЧЕСКИЕ
Кодированные данные о монографическом текстовом документе ac||z||||00zd
200 1# - ЗАГЛАВИЕ И СВЕДЕНИЯ ОБ ОТВЕТСТВЕННОСТИ
Основное заглавие Мои королевы: Раневская, Зелёная, Пельтцер
Первые сведения об ответственности Глеб Скороходов
210 ## - ПУБЛИКАЦИЯ, РАСПРОСТРАНЕНИЕ И ДР.
Место издания, распространения и т.д. Москва
Имя издателя, распространителя и т. д. Алгоритм
Дата издания, распространения и т.д. 2016
215 ## - ФИЗИЧЕСКАЯ ХАРАКТЕРИСТИКА
Специфическое обозначение материала и объем 206, [1] с.
Другие сведения о физической характеристике ил., портр.
Размеры 21
225 1# - СЕРИЯ
Основное заглавие серии Я помню ее такой…
333 ## - ПРИМЕЧАНИЯ ОБ ОСОБЕННОСТЯХ РАСПРОСТРАНЕНИЯ И ИСПОЛЬЗОВАНИЯ
Текст примечания 16+
600 #1 - ИМЯ ЛИЦА КАК ПРЕДМЕТ
Начальный элемент ввода Раневская
Часть имени, кроме начального элемента ввода Ф. Г.
Даты 1896 - 1984
Расширение инициалов личного имени Фаина Григорьевна
Системный номер авторитетной/нормативной записи 1535871
Идентификатор авторитетной/нормативной записи RU\NLR\AUTH\66970509
600 #1 - ИМЯ ЛИЦА КАК ПРЕДМЕТ
Начальный элемент ввода Зеленая
Часть имени, кроме начального элемента ввода Р.В.
Даты 1902 - 1991
Расширение инициалов личного имени Рина Васильевна
Системный номер авторитетной/нормативной записи 1103368
Идентификатор авторитетной/нормативной записи RU\NLR\AUTH\66434842
600 #1 - ИМЯ ЛИЦА КАК ПРЕДМЕТ
Начальный элемент ввода Пельтцер
Часть имени, кроме начального элемента ввода Т.И.
Даты 1904 - 1992
Расширение инициалов личного имени Татьяна Ивановна
Системный номер авторитетной/нормативной записи 2235019
Идентификатор авторитетной/нормативной записи RU\NLR\AUTH\661341355
675 ## - УНИВЕРСАЛЬНАЯ ДЕСЯТИЧНАЯ КЛАССИФИКАЦИЯ (UDC/УДК)
Индекс 792
686 ## - ИНДЕКСЫ ДРУГИХ КЛАССИФИКАЦИЙ
Индекс Щ363(2Р=Рус)7-86Зеленая
686 ## - ИНДЕКСЫ ДРУГИХ КЛАССИФИКАЦИЙ
Индекс Щ334.3(2Р=Рус)7-86Зеленая
686 ## - ИНДЕКСЫ ДРУГИХ КЛАССИФИКАЦИЙ
Индекс Щ374.3(2Р)7-86Зеленая
686 ## - ИНДЕКСЫ ДРУГИХ КЛАССИФИКАЦИЙ
Индекс Щ334.3(2Р=Рус)7-86Пельцер
686 ## - ИНДЕКСЫ ДРУГИХ КЛАССИФИКАЦИЙ
Индекс Щ374.3(2Р)7-86Пельцер
686 ## - ИНДЕКСЫ ДРУГИХ КЛАССИФИКАЦИЙ
Индекс Щ334.3(2Р=Рус)7-86Раневская
686 ## - ИНДЕКСЫ ДРУГИХ КЛАССИФИКАЦИЙ
Индекс Щ374.3(2Р)7-86Раневская
700 #1 - ИМЯ ЛИЦА - ПЕРВИЧНАЯ ОТВЕТСТВЕННОСТЬ
Начальный элемент ввода Скороходов
Даты 1930-2012
Расширение инициалов личного имени Глеб Анатольевич
702 #1 - ИМЯ ЛИЦА - ВТОРИЧНАЯ ОТВЕТСТВЕННОСТЬ
Код отношения Прочие
Материалы, к которым относится поле rus
Графика поля Кириллица
Начальный элемент ввода Раневская
Часть имени, кроме начального элемента ввода Ф. Г.
Даты 1896-1984
Расширение инициалов личного имени Фаина Григорьевна
Идентификатор авторитетной/нормативной записи RU\NLR\AUTH\777101
Системный номер авторитетной/нормативной записи 117040
702 #1 - ИМЯ ЛИЦА - ВТОРИЧНАЯ ОТВЕТСТВЕННОСТЬ
Код отношения Прочие
Начальный элемент ввода Зеленая
Часть имени, кроме начального элемента ввода Р.В.
Даты 1902-1991
Расширение инициалов личного имени Рина Васильевна
Идентификатор авторитетной/нормативной записи RU\NLR\AUTH\7775042
Системный номер авторитетной/нормативной записи 57970
702 #1 - ИМЯ ЛИЦА - ВТОРИЧНАЯ ОТВЕТСТВЕННОСТЬ
Начальный элемент ввода Пельтцер
Часть имени, кроме начального элемента ввода Т.И.
Даты 1904-1992
Расширение инициалов личного имени Татьяна Ивановна
Код отношения Прочие
801 #0 - ИСТОЧНИК ЗАПИСИ
Страна Российская Федерация
Организация РГБ
Дата составления 20160314
Правила каталогизации RCR
942 ## - ДОПОЛНИТЕЛЬНЫЕ ЭЛЕМЕНТЫ ЗАПИСИ (АБИС)
Тип экземпляра АБИС Книга
980 ## - КОЛЛЕКЦИЯ
Название коллекции НБР

Нет доступных экземпляров.